The chemistry of the atmosphere : its impact on global change : perspectives and recommendations /

Gespeichert in:
Bibliographische Detailangaben
Körperschaften: International Conference on the Chemistry of the Atmosphere Baltimore, Md., Medzinárodná únia čistej a aplikovanej chémie, American Chemical Society
Weitere Verfasser: Birks, John W., Calvert, Jack G. (Jack George), 1923-, Sievers, Robert E.
Format: Tagungsbericht Buch
Sprache:Englisch
Veröffentlicht: Washington, DC American Chemical Society 1993.
Schlagworte:
Online-Zugang:Im OPAC anzeigen
Tags: Tag hinzufügen
Keine Tags, Fügen Sie das erste Tag hinzu!

MARC

LEADER 00000pam a2200000 a 4500
005 20260127134332.0
008 171201s1993 dcua b 101 0 eng
010 |a 92-041499 
020 |a 084122532X  |q (alk. paper) 
020 |a 0841225338  |q (pbk. : alk. paper) 
035 |a vtls001519623 
035 |a (DLC) 92041499 
035 |a ()2033653 
039 9 |a 201712011410  |b VLOAD  |c 200503141208  |d mschk03  |y 200503141206  |z mschk03 
040 |a STUSCHK1  |b slo  |c STUSCHK1 
082 0 0 |a 551.5/11  |2 20 
111 2 |a International Conference on the Chemistry of the Atmosphere  |d (1991 :  |c Baltimore, Md.)  |9 547 
245 1 4 |a The chemistry of the atmosphere :  |b its impact on global change : perspectives and recommendations /  |c John W. Birks, Jack G. Calvert, Robert E. Sievers, editors. 
260 |a Washington, DC  |b American Chemical Society  |c 1993. 
300 |a vi, 170 p.  |b ill.  |c 24 cm. 
500 |a "Plenary lectures and recommendations from the International Conference on the Chemistry of the Atmosphere, sponsored by the International Union of Pure and Applied Chemistry and the American Chemical Society, Baltimore, Maryland, December 2-6, 1991." 
504 |a Includes bibliographical references and index. 
650 0 |a Atmospheric chemistry  |x Environmental aspects  |x Congresses. 
650 0 |a Climatic changes  |x Environmental aspects  |x Congresses. 
700 1 |a Birks, John W. 
700 1 |a Calvert, Jack G.  |q (Jack George),  |d 1923- 
700 1 |a Sievers, Robert E. 
710 2 |a Medzinárodná únia čistej a aplikovanej chémie 
710 2 |a American Chemical Society. 
906 |a 7  |b cbc  |c orignew  |d 1  |e ocip  |f 19  |g y-gencatlg 
910 |a SCHK95 
919 |a 0-8412-2532-X 
991 |b c-GenColl  |h QC879.6  |i .I55 1991  |p 0003775819A  |t Copy 1  |w BOOKS 
999 |c 10149  |d 10149